The Zyn Quiz - Statistics

General Stats
  • This quiz has been taken 95 times
  • The average score is 8 of 17
Answer Stats
Hint Answer % Correct
Term for what a Zyn is: Nicotine _____ Pouch
91%
Coffee
63%
Can you name all 10 Zyn flavors? Wintergreen
61%
Year that Zyn was introduced to the United States: 2014
57%
Citrus
55%
Swedish word for tobacco pouches: Snus
55%
Main ingredient in Zyn: Nicotine ____ Salt
54%
Peppermint
53%
Cool Mint
51%
Spearmint
51%
Chill
49%
Smooth
46%
The main ingredient in Zyn is derived from: Tobacco
45%
Cinnamon
43%
Menthol
39%
Stockholm-based company responsible for the production of Zyn: Swedish Match
13%
Parent company of the above: Philip Morris International
9%
No matching quizzes found
Score Distribution
Percent of People with Each Score
Percentile by Number Answered
Your Score History
You have not taken this quiz